Land vs. Land #100 - Statistiken

Allgemein
  • Dieses Quiz wurde 22 mal gespielt
  • Das Durchschnittsergebnis liegt bei 10 aus 14
Antwortstatistiken
Frage Antwort % Korrekt
...Lebenserwartung? Zypern🇨🇾
95%
...Einwohner? El Salvador🇸🇻
89%
...Bruttoinlandsprodukt pro Kopf? Zypern🇨🇾
89%
...HDI (Human Development Index)? Zypern🇨🇾
89%
...Gewinner? Zypern🇨🇾
89%
...Tourismus? Zypern🇨🇾
84%
...Gesundheitswesen? Zypern🇨🇾
84%
...durchschnittlicher IQ? Zypern🇨🇾
79%
...Militär? El Salvador🇸🇻
63%
...Fläche? El Salvador🇸🇻
58%
...Frieden? Zypern🇨🇾
58%
...Exportmengen? El Salvador🇸🇻
53%
...Happy Planet Index? El Salvador🇸🇻
26%
...Bruttoinlandsprodukt? El Salvador🇸🇻
16%
Keine übereinstimmenden Quizze gefunden
Verteilung der Resultate
Anzahl Personen mit jedem Resultat
Perzentil nach korrekt beantworteten Fragen
Ihre Resultats-Entwicklung
Sie haben dieses Quiz noch nicht gespielt